Ampunkan Hidayat, ibu!

Bibliographic Details
Main Author: Najib A.H
Corporate Author: Title
Format: Book
Published: Selangor : Penerbit Idaman , 2005
Series:Siri novel halaman murni
Subjects:

MARC

LEADER 00000cam a2200000 7i4500
001 0000001829
005 20151222.0
008 070704
020 |a 983266683X(set) 
020 |a 9832666848 
090 0 0 |a JF   |b MAL 
100 0 |a Najib A.H 
245 1 0 |a Ampunkan Hidayat, ibu!   |c Najib A.H 
260 |a Selangor :   |b Penerbit Idaman ,   |c 2005 
440 0 |a Siri novel halaman murni 
500 |a Children ages 10-12 years old (pink) 
650 0 |a Junior fiction   |x Malay   |x Languages 
710 0 |a Title 
999 |a 0000958557   |b Book   |c Children Collection   |e Cawangan Mersing 
999 |a 0000958558   |b Book   |c Children Collection   |e Cawangan Bandar Tenggara 
999 |a 0001043628   |b Book   |c Children Collection   |e Cawangan Segamat 
999 |a 0001043630   |b Book   |c Children Collection   |e Cawangan Tangkak